| 000 | 00612nam a22002177a 4500 | ||
|---|---|---|---|
| 005 | 20211030101240.0 | ||
| 008 | 211030b ||||| |||| 00| 0 eng d | ||
| 040 | _cAL | ||
| 041 | _aeng | ||
| 082 |
_223 _a355.033 _bGADW |
||
| 100 |
_aMilind Gadgil Ed _99364 |
||
| 245 | _aNational Security: An Overview | ||
| 260 |
_aMumbai _bVishwas Samvad Kendra _c2004 |
||
| 300 |
_ax,245 p. _bHB _c25x13 cm. |
||
| 650 |
_aMilitary Science _99365 |
||
| 650 |
_aTerrorism _99366 |
||
| 650 |
_aIndian Nuclear Strategy _99367 |
||
| 650 |
_aInternal Security _99368 |
||
| 700 |
_aGADGIL (Milind) Ed _99369 |
||
| 942 |
_2ddc _cGF |
||
| 999 |
_c220301 _d220301 |
||